00405pab a2200145 454500008004000000100002200040245007000062260000900132300001600141362001100157650002500168650001200193700002000205773003400225180718b2007 xxu||||| |||| 00| 0 eng d aChelliah, Raja J. aStrategy for poverty reduction and narrowing regional disparities c2007 ap.3475-481. a25 Aug aRegional disparities aPoverty aShanmugam, K.R. aEconomic and Political Weekly